Caricamento...

Samakaleenaraya chila Keraleeyar Pt - 1

Dettagli Bibliografici
Autore principale: Kesava Menon. K. P.
Natura: Printed Book
Lingua:Malayalam
Pubblicazione: Sahithya Pravarthaka Co. Sahithya Pravarthaka Co. 1974
LEADER 00516nam a2200145Ia 4500
008 111205s9999 xx 000 0 mal d
082 |a 850.1 SUK/N 
100 |a Kesava Menon. K. P. 
245 |a Samakaleenaraya chila Keraleeyar Pt - 1 
245 |c Kesava Menon. K. P. 
260 |b Sahithya Pravarthaka Co.  |a Sahithya Pravarthaka Co.  |c 1974 
300 |a 245 
942 |c BK 
999 |c 220662  |d 220662 
952 |0 0  |1 0  |4 0  |6 S_10R2  |7 0  |9 243690  |a MAL  |b MAL  |c SEC  |d 2011-12-05  |g 12.00  |l 0  |o S10R2  |p MAL14779  |r 2015-04-13  |v 12.00  |w 2015-04-13  |y BK  |k 1.00